Widows in rural Bangladesh : (Record no. 167)
[ view plain ]
| 000 -LEADER | |
|---|---|
| fixed length control field | 00575nam a2200193 a 4500 |
| 001 - CONTROL NUMBER | |
| control field | 2594343 |
| 005 - DATE AND TIME OF LATEST TRANSACTION | |
| control field | 20231208053554.0 |
| 008 - FIXED-LENGTH DATA ELEMENTS--GENERAL INFORMATION | |
| fixed length control field | 960725s1995 bg a b 000 0 eng |
| 040 ## - CATALOGING SOURCE (பட்டியலாக்க மூலம்) | |
| Original cataloging agency | DLC |
| Transcribing agency | DLC |
| 082 00 - DDC Classification | |
| Class No. | 305.48/9654/095492 |
| DDC Edition Number | 21 |
| Item Number - Author Mark | 305.4. |
| 100 1# - MAIN ENTRY--PERSONAL NAME | |
| Personal name | Shamim, Ishrat. |
| 245 10 - TITLE STATEMENT | |
| Title | Widows in rural Bangladesh : |
| Remainder of title | issues and concerns / |
| Statement of responsibility, etc. | Ishrat Shamim, Khaleda Salahuddin. |
| 250 ## - EDITION STATEMENT | |
| Edition statement | 1st ed. |
| 260 ## - PUBLICATION, DISTRIBUTION, ETC. | |
| Place of publication, distribution, etc. | Dhaka : |
| Name of publisher, distributor, etc. | Centre for Women and Children Studies, |
| Date of publication, distribution, etc. | 1995. |
| 300 ## - PHYSICAL DESCRIPTION | |
| Extent (e.g. Volumes, Pages etc.) | viii, 75 p. : |
| 650 #0 - SUBJECT ADDED ENTRY--TOPICAL TERM | |
| Topical term or geographic name entry element | Widows |
| 700 1# - ADDED ENTRY--PERSONAL NAME | |
| Personal name | Sālāhauddina, Khāledā. |
| Relator term (Role) | Editor |
| 942 ## - Koha item type (Biblio) | |
| Koha item type | Books in Stacks (Lending) |
| Lost status | Damaged status | Collection code | Home library | Current library | Date acquired | Full call number | Accession Number | Item type |
|---|---|---|---|---|---|---|---|---|
| Lending | WERC Library | WERC Library | 12/08/2023 | 305.48/9654/095492 305.4. | 4714 | Books in Stacks (Lending) |
